Statistiques concernant Sport - Les 25 pays les plus médaillés aux JO

Cliquez ici pour prendre le quiz!

Statistiques générales

  • Ce quiz a été pris 827 fois
  • Le résultat moyen est 20 sur 25

Statistiques - réponses

Nombre de médaillesPays% Correct
2963Etats-Unis
99%
888France
99%
696Chine
97%
1272Allemagne
96%
555Japon
95%
742Italie
94%
948Grande-Bretagne
93%
547Russie
92%
551Canada
91%
562Australie
87%
661Suède
87%
1204 (pays disparu)URSS
85%
528Norvège
84%
472Finlande
77%
415Pays-Bas
76%
358Suisse
75%
320Pologne
74%
357Corée-du-Sud
70%
206Danemark
70%
326Autriche
69%
518Hongrie
63%
519 (pays disparu)Allemagne de l'est
52%
309Roumanie
51%
230Bulgarie
39%
241Cuba
34%

Distribution des résultats

Percentile par nombre de réponses

% des personnes avec chaque résultat

Votre développement - résultats

Vous n’avez pas pris ce quiz